000 00819nam a2200229 i 4500
001 105956
003 ES-MaACL
005 20250303063149.0
007 t|
008 060914s1942 sp ||||1| spa d
080 _a821.134.3-2"15"
100 1 _aVicente, Gil
_9114336
245 1 0 _aTragicomedia de Don Duardos /
_cGil Vicente ; editada por Dámaso Alonso.
260 _aMadrid :
_bConsejo Superior de Investigaciones Científicas, Instituto Antonio de Nebrija,
_c1942.
300 _a109 p. ;
_c17 cm.
490 1 _aBiblioteca hispano-lusitana ;
_v1a
700 1 _aAlonso, Dámaso,
_d1898-1990
_920195
710 2 _aInstituto Antonio de Nebrija.
_94795
830 1 _aBiblioteca hispano-lusitana ;
_v1a
_9190350
852 4 _aES-MaACL
_jAND-966
_z- Biblioteca Juan Andrade
999 _c105956
_d105956